Normal view MARC view
  • Juego, teoría del

Entry Materia

Number of records used in: 213

001 - NÚMERO DE CONTROL DEL REGISTRO

  • campo de control: 6718

003 - IDENTIFICADOR DE NUMERO DE CONTROL

  • campo de control: MX-MxUPN

005 - FECHA Y HORA DE LA ÚLTIMA TRANSACCIÓN

  • campo de control: 20240814133536.0

008 - DATOS DE LONGITUD FIJA

  • campo de control de longitud fija: 240814n| acnnnbabn | ana |d

035 ## - NÚMERO DE CONTROL DEL SISTEMA

  • Número de control del sistema: UPN10000006720

040 ## - FUENTE DE LA CATALOGACIÓN

  • Centro catalogador de origen: MX-MxUPN
  • Lengua de catalogación: spa
  • Agencia de transcripción: MX-MxUPN

053 #4 - NÚMERO CLASIFICADOR - BIBLIOTECA DEL CONGRESO (LC)

  • Elemento numérico de la clasificación - Número único o no. inicial del rango: QA269 Matemáticas

053 #4 - NÚMERO CLASIFICADOR - BIBLIOTECA DEL CONGRESO (LC)

  • Elemento numérico de la clasificación - Número único o no. inicial del rango: HB144 Teoría económica

053 #4 - NÚMERO CLASIFICADOR - BIBLIOTECA DEL CONGRESO (LC)

  • Elemento numérico de la clasificación - Número único o no. inicial del rango: T57.92 Ingeniería industrial

150 ## - ENCABEZAMIENTO - TEMÁTICO

  • Término de materia o nombre geográfico como elemento inicial: Juego, teoría del

450 ## - VÉASE - MATERIA

  • Encabezamiento temático: Teoría del juego

450 ## - VÉASE - MATERIA

  • Encabezamiento temático: Juegos, Teoría de los

450 ## - VÉASE - MATERIA

  • Encabezamiento temático: Teoría de los juegos

550 ## - VÉASE ADEMÁS - MATERIA

  • Encabezamiento temático o nombre geográfico como elemento de entrada: MODELOS MATEMATICOS

550 ## - VÉASE ADEMÁS - MATERIA

  • Encabezamiento temático o nombre geográfico como elemento de entrada: MATEMATICAS

670 ## - FUENTE EN LA QUE SE LOCALIZARON DATOS

  • Cita de la fuente: E/P

902 ## - CATALOGADOR

  • Catalogador: MITM/070812